|
|
|
|
| LEADER |
02312nim a2200661 i 4500 |
| 001 |
001847357 |
| 003 |
CZ BrMZK |
| 005 |
20230315134256.0 |
| 007 |
sd fungnnmmned |
| 008 |
230201t20222022xr nnnng a n cze |
| 015 |
|
|
|a cnb003492154
|
| 024 |
3 |
|
|a 8596434013973
|
| 040 |
|
|
|a BOA001
|b cze
|e rda
|
| 043 |
|
|
|a e-xr---
|a a-le---
|
| 045 |
|
|
|a x5y1
|
| 072 |
|
7 |
|a 687
|x Oděvní průmysl. Kosmetika. Kadeřnictví. Péče o vzhled
|2 Konspekt
|9 19
|
| 072 |
|
7 |
|a 929
|x Biografie
|2 Konspekt
|9 8
|
| 080 |
|
|
|a 687.5.01-055.2
|2 MRF
|
| 080 |
|
|
|a 913:910.4
|2 MRF
|
| 080 |
|
|
|a 929
|2 MRF
|
| 080 |
|
|
|a (437.3)
|2 MRF
|
| 080 |
|
|
|a (569.3)
|2 MRF
|
| 080 |
|
|
|a (092)
|2 MRF
|
| 080 |
|
|
|a (086.7)08
|2 MRF
|
| 080 |
|
|
|a (086.76)
|2 MRF
|
| 100 |
1 |
|
|a Matragi, Blanka,
|d 1953-
|7 xx0041829
|4 aut
|
| 245 |
1 |
0 |
|a Jedu dál /
|c Blanka Matragi
|
| 264 |
|
1 |
|a [Praha] :
|b Témbr,
|c 2022
|
| 264 |
|
4 |
|c ©2022
|
| 300 |
|
|
|a 1 audiodisk (10 hod., 35 min.) ;
|c 12 cm
|
| 306 |
|
|
|a 103500
|
| 336 |
|
|
|a mluvené slovo
|b spw
|2 rdacontent
|
| 337 |
|
|
|a audio
|b s
|2 rdamedia
|
| 338 |
|
|
|a audiodisk
|b sd
|2 rdacarrier
|
| 344 |
|
|
|a digital
|b optical
|2 rda
|
| 347 |
|
|
|a audio soubor
|b MP3
|2 rda
|
| 500 |
|
|
|a Název z disku
|
| 500 |
|
|
|a Podle stejnojmenné knihy vydané nakladatelstvím Euromedia Group, a.s. v edici Ikar, 2011
|
| 508 |
|
|
|a Režie Vít Malota
|
| 511 |
0 |
|
|a Čte Zuzana Slavíková
|
| 600 |
1 |
7 |
|a Matragi, Blanka,
|d 1953-
|7 xx0041829
|2 czenas
|
| 648 |
|
7 |
|a 20.-21. století
|7 ch462155
|2 czenas
|
| 650 |
0 |
7 |
|a módní návrhářky
|7 ph344071
|z Česko
|y 20.-21. století
|2 czenas
|
| 650 |
0 |
7 |
|a cesty a pobyt
|7 ph137578
|z Libanon
|2 czenas
|
| 650 |
0 |
9 |
|a fashion designers
|z Czechia
|y 20th-21st centuries
|2 eczenas
|
| 650 |
0 |
9 |
|a travels and stays
|z Lebanon
|2 eczenas
|
| 655 |
|
7 |
|a autobiografie
|7 fd131855
|2 czenas
|
| 655 |
|
7 |
|a audioknihy
|7 fd119452
|2 czenas
|
| 655 |
|
7 |
|a kompaktní disky
|7 fd201991
|2 czenas
|
| 655 |
|
9 |
|a autobiography
|2 eczenas
|
| 655 |
|
9 |
|a audiobooks
|2 eczenas
|
| 655 |
|
9 |
|a compact discs
|2 eczenas
|
| 700 |
1 |
|
|a Malota, Vít,
|d 1995-
|7 av20211121900
|4 drt
|
| 700 |
1 |
|
|a Slavíková, Zuzana,
|d 1965-
|7 ola200208271
|4 nrt
|
| 910 |
|
|
|a BOA001
|b CDR-1501.980
|
| 990 |
|
|
|a AV
|
| 991 |
|
|
|b 202303
|c NOV
|
| 996 |
6 |
|
|b 2610929764
|c CDR-1501.980
|l MZK
|r Sklad / do 24 hodin
|n 0
|p p.v.
|w 001913839
|u 000010
|a 1
|e BOA001
|j MZK50
|s P
|